| 000 | 00848nam a2200349Ia 4500 | ||
|---|---|---|---|
| 005 | 20251020182613.0 | ||
| 008 | 200515s9999 xx 000 0 und d | ||
| 082 | _aSC/69.05/H97 | ||
| 110 | _aAcademia Hutte de BerlĂn | ||
| 245 | 0 | _aManual del ingeniero | |
| 250 | _a3a ed. | ||
| 260 | _aBarcelona | ||
| 260 | _c1983 | ||
| 300 | _a1552 | ||
| 650 | _aABASTECIMIENTO DE AGUA | ||
| 650 | _aCALEFACCION | ||
| 650 | _aCAMINOS | ||
| 650 | _aCIMENTACIONES | ||
| 650 | _aCONCRETO PRETENSADO | ||
| 650 | _aCONSTRUCCION DE TALLERES | ||
| 650 | _aCONSTRUCCIONES DE MADERA | ||
| 650 | _aESTRUCTURAS | ||
| 650 | _aESTRUCTURAS DE ACERO | ||
| 650 | _aHIDRAULICA | ||
| 650 | _aMAQUINARIAS Y EQUIPOS | ||
| 650 | _aPRESAS | ||
| 650 | _aPUENTES | ||
| 650 | _aTUNELES | ||
| 650 | _aURBANISMO | ||
| 650 | _aVENTILACION | ||
| 942 | _cLIB | ||
| 999 |
_c3412 _d3412 |
||